| 000 | 00747aam a2200277 4500 | ||
|---|---|---|---|
| 005 | 20161121121650.0 | ||
| 008 | 150226b xxu||||| |||| 00| 0 eng d | ||
| 041 | _aSPA | ||
| 082 | _a1.4.17 P893r | ||
| 100 |
_aPozuelo Talavera, Juan _928901 |
||
| 100 |
_aPérez Pérez, Miguel Angel _928902 |
||
| 245 | _aRepostería | ||
| 250 | _a2 ed. | ||
| 260 |
_aEspaña _bThomson _c2006 |
||
| 300 | _a213 páginas | ||
| 650 |
_aRECETAS DE COCINA _91731 |
||
| 650 |
_aREPOSTERÍA _921901 |
||
| 650 |
_aPOSTRES _91710 |
||
| 650 |
_aPOSTRES DE FRUTAS _928903 |
||
| 650 |
_aPOSTRES DE CREMAS _928904 |
||
| 650 |
_aBATIDOS _919650 |
||
| 650 |
_aDECORACIÓN DE REPOSTERÍA _928905 |
||
| 650 |
_aHELADOS _925438 |
||
| 650 |
_aPANES _933090 |
||
| 942 | _cBK | ||
| 999 |
_c3385 _d3385 |
||